000 00730nam a2200241Ia 4500
003 OSt
005 20220918222343.0
006 a|||||r|||| 00| 0
007 ta
008 220917b |||||||| |||| 00| 0 eng d
024 _a216,572
037 _cTextual
040 _aARTS
_cARTS
_beng
041 _2eng
_aeng
082 _aW94:1(X).2.P00<-N50, P1
100 _aNayar Baldev Rai
_9142889
245 0 _aGlobalization and nationalism
_b the changing balance in India's economic policy, 1950-2000
260 _aNew Delhi
_bSage publications
_c2001
300 _a285p
_ccm.
650 _aPOLITICAL SCIENCE
942 _hW94:1(X).2.P00<-N50, P1
_cTEXL
_2CC
999 _c275271
_d275271